MARC

LEADER 00000nam0a2200000 4500
001 672170
005 20240409135415.0
035 |a (RuTPU)RU\TPU\book\134765 
090 |a 672170 
100 |a 20240409d1932 km|y0rusy50 ca 
101 0 |a rus 
102 |a RU 
105 |a a z 001zy 
181 0 |a i   |b  e  
182 0 |a n 
183 0 |a nc  |2 RDAcarrier 
200 1 |a Новый метод приближенного интегрирования дифференциальных уравнений  |f Центральный аэрогидродинамический институт ; С. А. Чаплыгин 
210 |a Москва  |a Ленинград  |c Государственное технико-теоретическое издательство  |d 1932 
215 |a 52 с.  |c ил. 
225 1 |a Труды Центрального аэро-гидродинамического института  |v Вып. 130 
283 |a volume 
517 1 |a Новый метод приближенного интегрирования диференциальных уравнений 
606 |a Аэродинамические установки  |2 stltpush  |3 (RuTPU)RU\TPU\subj\29887  |9 53119 
610 1 |a дифференциальные уравнения 
610 1 |a приближенное интегрирование 
610 1 |a новые способы 
610 1 |a пределы 
610 1 |a баллистика 
610 1 |a сопротивление 
610 1 |a сила Лоренца 
610 1 |a уравнения первого порядка 
675 |a 533.6.07  |v 3 
700 |a Чаплыгин  |b С. А. 
712 0 2 |a Центральный аэрогидродинамический институт (ЦАГИ)  |c (Москва)  |3 (RuTPU)RU\TPU\col\4446 
801 1 |a RU  |b 63413507  |c 20240409  |g PSBO 
801 2 |a RU  |b 63413507  |c 20240409  |g PSBO 
942 |c CR